North West England - Biggest Places - Statistics

General Stats
  • This quiz has been taken 66 times
  • The average score is 38 of 100
Answer Stats
# Place Name County Population % Correct
1 Liverpool Merseyside 506,552
100%
2 Manchester Greater Manchester 470,411
100%
5 Blackpool Lancashire 149,056
95%
6 Blackburn Lancashire 124,983
93%
32 Lancaster Lancashire 52,660
90%
14 Preston Lancashire 94,508
90%
11 Salford Greater Manchester 108,409
88%
3 Bolton Greater Manchester 184,073
86%
16 Chester Cheshire 92,742
86%
9 Oldham Greater Manchester 110,718
81%
20 Burnley Lancashire 78,270
79%
7 Stockport Greater Manchester 117,941
79%
18 Wigan Greater Manchester 81,557
79%
10 Birkenhead Merseyside 109,848
76%
12 St Helens Merseyside 107,677
76%
4 Warrington Cheshire 174,954
76%
19 Bury Greater Manchester 81,101
71%
21 Carlisle Cumbria 77,728
71%
8 Rochdale Greater Manchester 111,261
69%
22 Crewe Cheshire 74,123
64%
30 Macclesfield Cheshire 54,340
64%
24 Sale Greater Manchester 62,547
64%
15 Southport Merseyside 94,421
64%
60 Kendal Cumbria 28,944
57%
53 Morecambe Lancashire 32,758
57%
25 Runcorn Cheshire 61,635
57%
34 Altrincham Greater Manchester 49,661
55%
43 Chorley Lancashire 39,523
55%
26 Widnes Cheshire 59,939
55%
29 Barrow in Furness Cumbria 55,251
52%
31 Bootle Merseyside 53,718
50%
41 Eccles Greater Manchester 41,122
50%
23 Ellesmere Port Cheshire 65,421
50%
68 Fleetwood Lancashire 26,232
50%
70 Wilmslow Cheshire 25,728
48%
17 Wallasey Merseyside 85,611
45%
39 Lytham St Annes Lancashire 42,689
43%
50 Accrington Lancashire 34,895
40%
37 Kirkby Merseyside 45,564
40%
38 Leigh Greater Manchester 45,491
40%
86 Workington Cumbria 21,281
40%
13 Wythenshawe Greater Manchester 97,635
40%
35 Ashton-under-Lyne Greater Manchester 48,604
38%
80 Formby Merseyside 22,886
38%
97 Nantwich Cheshire 18,734
38%
64 Ormskirk Lancashire 27,708
36%
79 Whitehaven Cumbria 22,942
36%
33 Crosby Merseyside 50,213
33%
48 Hyde Greater Manchester 35,890
33%
44 Leyland Lancashire 39,291
33%
49 Skelmersdale Lancashire 34,907
33%
99 Northwich Cheshire 18,640
31%
42 Bamber Bridge Lancashire 40,357
29%
36 Middleton Greater Manchester 46,620
29%
52 Nelson Lancashire 33,800
29%
67 Ashton-in-Makerfield Greater Manchester 26,380
26%
65 Atherton Greater Manchester 27,562
26%
47 Denton Greater Manchester 35,989
26%
95 Colne Lancashire 18,908
24%
55 Prestwich Greater Manchester 31,507
24%
66 Stalybridge Greater Manchester 26,831
24%
27 Huyton Merseyside 59,846
21%
54 Winsford Cheshire 32,527
21%
57 Congleton Cheshire 30,015
19%
63 Darwen Lancashire 27,894
19%
73 Newton-le-Willows Merseyside 24,642
19%
62 Stretford Greater Manchester 28,012
19%
28 Bebington Merseyside 57,597
17%
88 Horwich Greater Manchester 20,690
17%
76 Rawtenstall Lancashire 23,682
17%
82 Reddish Greater Manchester 22,203
17%
84 Westhoughton Greater Manchester 21,963
17%
72 Cheadle Hulme Greater Manchester 24,791
14%
61 Farnworth Greater Manchester 28,759
14%
91 Hazel Grove Greater Manchester 20,170
14%
93 Irlam Greater Manchester 19,712
14%
45 Prescot Merseyside 39,222
14%
81 Swinton Greater Manchester 22,882
14%
75 Droylsden Greater Manchester 23,915
12%
87 Dukinfield Greater Manchester 21,151
12%
71 Golborne Greater Manchester 25,553
12%
58 Heywood Greater Manchester 29,726
12%
56 Radcliffe Greater Manchester 31,107
12%
100 Shaw Greater Manchester 18,245
12%
94 Thornton Lancashire 19,265
12%
92 Failsworth Greater Manchester 19,960
10%
85 Old Trafford Greater Manchester 21,443
10%
77 Orrell Greater Manchester 23,416
10%
40 Urmston Greater Manchester 41,731
10%
98 Walkden Greater Manchester 18,684
10%
83 Whitefield Greater Manchester 22,179
10%
74 Hindley Greater Manchester 24,492
7%
69 Little Hulton Greater Manchester 25,834
7%
89 Penwortham Lancashire 20,491
7%
90 Maghull Merseyside 20,356
5%
78 Royton Greater Manchester 22,999
5%
51 Fulwood Lancashire 34,691
2%
59 Heswall Merseyside 29,079
2%
96 Litherland Merseyside 18,749
2%
46 Chadderton Greater Manchester 37,614
0%
No matching quizzes found
Score Distribution
Percent of People with Each Score
Percentile by Number Answered
Your Score History
You have not taken this quiz